Mesh enhancement : selected elliptic methods, foundations and applications

Αποθηκεύτηκε σε:
Λεπτομέρειες βιβλιογραφικής εγγραφής
Κύριος συγγραφέας: Hansen, Glen A.
Άλλοι συγγραφείς: Douglass, R. W., Zardecki, Andrew
Μορφή: Βιβλίο
Γλώσσα:English
Δημοσίευση: London : Imperial College Press, c2005
Θέματα:
Ετικέτες: Προσθήκη ετικέτας
Δεν υπάρχουν, Καταχωρήστε ετικέτα πρώτοι!

MARC

LEADER 00000nam a2200000 i 4500
001 1/61837
008 071106s2005 eng d
020 |a 1-86094-487-6 
035 |l 10092086 
040 |a GR-MY-UA  |b gre  |e aacr 
041 0 |a eng 
082 0 |a 518  |2 (22) 
100 0 |a Hansen, Glen A. 
245 1 0 |a Mesh enhancement :  |b selected elliptic methods, foundations and applications /  |c Glen A. Hansen, Rod W. Douglass, Andrew Zardecki 
260 |a London :   |b Imperial College Press,   |c c2005 
300 |a xvi, 515 σ.;  |b εικ. (ορισμένες έγχρ.);  |c 24 εκ. 
504 |a Περιλαμβάνει βιβλιογραφικές παραπομπές και ευρετήριο 
650 0 0 |a Numerical grid generation (numerical analysis) 
650 0 0 |a Finite element method. 
650 0 0 |a Mathematical physics. 
700 1 |a Douglass, R. W. 
700 1 |a Zardecki, Andrew. 
852 |a INST  |b SAMOS  |e 20071106  |h 518 HAN  |p 005300027925  |q 005300027925  |t BK  |y 0 
901 |a BIBL3-2007-3 
909 |a Σ  |b 139183 
922 |a 3ΕΛΗ  |b 200709  |c ΕΠΕΑΕΚ2/ΤΜΠΕΣ  |d ΠΑΠΑΣΩΤΗΡΙΟΥ 
970 |a ΡΟΥΣΣΟΥ  |b ΚΩΝΣΤΑΝΤΙΝΑ  |z 2007/11/06